Perfiles de las escuelas primarias eficaces de México. (2001). Informe final de investigación.

Guardat en:
Dades bibliogràfiques
Autor principal: Fernández Aguerre, Tabaré (autor)
Format: Llibre
Idioma:espanyol
Matèries:
Accés en línia:Ver documento en línea
Etiquetes: Afegir etiqueta
Sense etiquetes, Sigues el primer a etiquetar aquest registre!

MARC

LEADER 00000nam^a2200000^u^4500
001 000514582
005 20260512000000.0
008 100910s1000^^^^^^^^^^^^r^^^^^000^0^spa^d
009 20260512123526.832
035 |a FCE 000058796 
037 |a Acervo ITESO - Biblioteca 
041 |a spa 
095 |a 141 
100 |a Fernández Aguerre, Tabaré  |e (autor) 
245 1 0 |a Perfiles de las escuelas primarias eficaces de México.  |b (2001). Informe final de investigación. 
264 |a México:  |b INEE,  |c 2003. 
300 |a 142 p. 
336 |a texto  |b txt  |2 rdacontenido 
337 |a sin mediación  |b n  |2 rdamedio 
338 |a volumen  |b nc  |2 rdasoporte 
596 |a Archivo en formato PDF. 
596 |a Forma de Acceso: Internet vía la World Wide Web. 
596 |a Requerimientos del sistema. Internet connectivity, World Wide Web browser. 
649 |a XX 
650 |a Organización estructural 
650 |a Escuelas eficaces 
650 |a Perfil educativo 
650 |a Carácteristicas 
650 |a Perfil sociocultural 
856 4 0 |u https://www.inee.edu.mx/images/stories/Publicaciones/Reportes_investigacion/Perfiles/Completo/perfilescompleto.pdf  |y Ver documento en línea 
910 |a Fondo Centro de Estudios Educativos 
920 |a Impresos - Libros 
930 |a Fondos Especiales 
905 |a 133 
902 |a https://opac.biblio.iteso.mx/vufind/Record/000514582